000
00302nam a2200109Ia 4500
008
220204s9999 xx 000 0 und d
082
_a
336.216.4
_b
CHA
100
_a
CHACKO, B J
245
0
_a
Non resident Indian's guide on taxation and investment
260
_a
Cochin
_b
Santony rupind
_c
1979
942
_c
BK
999
_c
36029
_d
36029